[Event "Guantanamo Guaso-B"]
[Site "Guantanamo"]
[Date "2018.04.19"]
[Round "6"]
[White "Vazquez Matos, Miguel"]
[Black "Olivares Geliga, Hassan"]
[Result "1-0"]
[WhiteElo "1873"]
[BlackElo "1899"]
[PlyCount "75"]
[EventDate "2018.04.16"]
[EventType "tourn"]
[EventRounds "10"]
[EventCountry "CUB"]
[SourceTitle "EXT 2021"]
[Source "ChessBase"]
[SourceDate "2020.10.23"]
[SourceVersion "1"]
[SourceVersionDate "2020.10.23"]
[SourceQuality "1"]

1. d4 g6 2. c4 Bg7 3. Nc3 c5 4. Nf3 cxd4 5. Nxd4 Nc6 6. e3 d6 7. Be2 Qb6 8. Na4 Qa5+ 9. Bd2 Qg5 10. h4 Qf6 11. Nb5 Kf8 12. g4 Rb8 13. Nc7 e5 14. b4 Qd8 15. Nd5 Nf6 16. Nxf6 Bxf6 17. b5 Ne7 18. Bb4 Be6 19. Qxd6 Qxd6 20. Bxd6 Rd8 21. Rd1 b6 22. Nc3 Ke8 23. g5 Bg7 24. e4 Nc8 25. Bb4 Rxd1+ 26. Kxd1 Bf8 27. Bxf8 Rxf8 28. Nd5 Nd6 29. f3 Kd7 30. Kd2 Rc8 31. Rc1 h6 32. Rc3 hxg5 33. hxg5 Bxd5 34. cxd5 Rh8 35. Ra3 Nc8 36. Ke3 Rh5 37. f4 Kd6 38. Bxh5 1-0

[Event "Adelquis Remon Memorial-G"]
[Site "Holguin"]
[Date "2017.11.02"]
[Round "2.2"]
[White "Vazquez Matos, Miguel"]
[Black "Martinez Mulet, Dario Leonel"]
[Result "0-1"]
[WhiteElo "1929"]
[BlackElo "1877"]
[PlyCount "80"]
[EventDate "2017.11.02"]
[EventType "tourn"]
[EventRounds "10"]
[EventCountry "CUB"]
[SourceTitle "EXT 2023"]
[Source "ChessBase"]
[SourceDate "2022.10.05"]
[SourceVersion "1"]
[SourceVersionDate "2022.10.05"]
[SourceQuality "1"]

1. d4 d5 2. c4 c6 3. Nc3 Nf6 4. e3 e6 5. Nf3 Nbd7 6. Bd2 Bd6 7. cxd5 exd5 8. Bd3 0-0 9. 0-0 Re8 10. Qc2 Nf8 11. h3 g6 12. Rfe1 Ne6 13. Ne5 Ng7 14. f4 Bf5 15. g4 Bxd3 16. Qxd3 Ne4 17. Nxe4 dxe4 18. Qb3 Bxe5 19. fxe5 Qh4 20. Kg2 h5 21. Qd1 Ne6 22. Rh1 Rad8 23. Be1 Qg5 24. Bf2 c5 25. h4 Qxg4+ 26. Qxg4 hxg4 27. h5 g5 28. h6 cxd4 29. exd4 Nxd4 30. h7+ Kg7 31. Rh5 Ne6 32. Be3 Kg6 33. Rah1 Rh8 34. Rh6+ Kg7 35. R6h5 Nf4+ 36. Bxf4 gxf4 37. Rg5+ Kf8 38. Rxg4 Rd2+ 39. Kf1 Rd1+ 40. Kg2 f3+ 0-1

[Event "Bayamo Cespedes Memorial op"]
[Site "Bayamo"]
[Date "2017.03.04"]
[Round "5.19"]
[White "Fonseca Castillo, Osmani Michel"]
[Black "Vazquez Matos, Miguel"]
[Result "1/2-1/2"]
[WhiteElo "1754"]
[BlackElo "2039"]
[PlyCount "81"]
[EventDate "2017.03.01"]
[EventType "swiss"]
[EventRounds "9"]
[EventCountry "CUB"]
[SourceTitle "EXT 2023"]
[Source "ChessBase"]
[SourceDate "2022.10.05"]
[SourceVersion "1"]
[SourceVersionDate "2022.10.05"]
[SourceQuality "1"]

1. e4 c6 2. d4 d5 3. Nc3 dxe4 4. Nxe4 Bf5 5. Ng3 Bg6 6. h4 h6 7. h5 Bh7 8. Nf3 Nf6 9. Bd3 Bxd3 10. Qxd3 e6 11. Bf4 Bd6 12. Bxd6 Qxd6 13. 0-0-0 Nbd7 14. Kb1 0-0-0 15. Ne4 Nxe4 16. Qxe4 Nf6 17. Qe5 Qe7 18. Qg3 Rhg8 19. Ne5 Rd5 20. c4 Ra5 21. c5 Ne4 22. Qe3 f5 23. f3 Nf6 24. Nc4 Ra4 25. Nd6+ Kb8 26. Nxf5 Qc7 27. Qxe6 Qa5 28. Rhe1 a6 29. a3 Rd8 30. Nd6 Nd5 31. Qf7 Rxd6 32. cxd6 Rxa3 33. bxa3 Qxa3 34. Qxd5 cxd5 35. Re8+ Ka7 36. d7 Qb3+ 37. Kc1 Qc3+ 38. Kb1 Qb3+ 39. Kc1 Qa3+ 40. Kb1 Qb4+ 41. Kc1 1/2-1/2

[Event "Chessung Gp3"]
[Site "Guantanamo"]
[Date "2017.02.21"]
[Round "8.3"]
[White "Taureaux, Kenny"]
[Black "Vazquez Matos, Miguel"]
[Result "0-1"]
[WhiteElo "2044"]
[BlackElo "1949"]
[PlyCount "52"]
[EventDate "2017.02.16"]
[EventType "tourn"]
[EventRounds "10"]
[EventCountry "CUB"]
[SourceTitle "EXT 2023"]
[Source "ChessBase"]
[SourceDate "2022.10.05"]
[SourceVersion "1"]
[SourceVersionDate "2022.10.05"]
[SourceQuality "1"]

1. e4 c6 2. d4 d5 3. Nc3 dxe4 4. Nxe4 Nd7 5. Nf3 Ndf6 6. Neg5 Bf5 7. Bd3 Bxd3 8. Qxd3 Nh6 9. Ne5 Qd5 10. 0-0 Rd8 11. Re1 Qxd4 12. Qxd4 Rxd4 13. Be3 Ra4 14. b3 Ra5 15. Nc4 Rd5 16. Rad1 e6 17. Rxd5 cxd5 18. Ne5 Bb4 19. Rd1 0-0 20. Nd3 Bd6 21. Nf3 Nf5 22. Bc1 Rc8 23. Nfe1 Ne4 24. Bb2 Nc3 25. Bxc3 Rxc3 26. Kf1 Nd4 0-1